000 00733nam0a22002651 4500
001 RU\NLR\A2V16\15797
005 20251203171251.9
035 _a(NLR Aleph) 009818856
090 _a10239715
_c10239715
100 _a19990728d1593 u y0rusy50 ca
101 0 _alat
102 _aRU
200 1 _aDisputationes XVIII
210 _aRegiom. Boruss. [Kaliningrad]
_d1593
215 _d
620 _dKaliningrad
700 1 _6z01790
_aGruner
_bCh.
_f1551/1557-1606
_gChristoph
_4070
790 1 _6z01700
_aGrunerus
_gChrist.
_4070
801 0 _aRU
_bNLR
_c19990728
852 _aNLR
_j16.51.2.81
942 _cBOOK
980 _aNB
980 _ain16